| 000 | 00860nam a2200229 i 4500 | ||
|---|---|---|---|
| 001 | 141923 | ||
| 003 | ES-MaACL | ||
| 005 | 20230906200412.0 | ||
| 007 | t| | ||
| 008 | 071001s1982 sp d |||| | spa d | ||
| 080 | _a728.82(458.15 G.)Alhambra"15/17" | ||
| 100 | 1 |
_aViñes Millet, Cristina. _9115393 |
|
| 245 | 1 | 3 |
_aLa Alhambra de Granada _b: tres siglos de historia / _cCristina Viñes Millet. |
| 260 |
_aCórdoba : _bMonte de Piedad y Caja de Ahorros, _c1982. |
||
| 300 |
_a238 p. : _bgráf. ; _c24 cm. |
||
| 490 | 1 | _aPublicaciones del Monte de Piedad y Caja de Ahorros de Córdoba | |
| 610 | 2 | 4 |
_aAlhambra (Granada)- _vHistoria. _9165710 |
| 710 | 2 |
_aMonte de Piedad y Caja de Ahorros de Córdoba. _95763 |
|
| 830 | 0 |
_aPublicaciones del Monte de Piedad y Caja de Ahorros de Córdoba _9187226 |
|
| 852 |
_aES-MaACL _jL-4093 |
||
| 999 |
_c141923 _d141923 |
||